000 00669nam a2200289Ia 4500
005 20260324130011.0
008 008 260324s9999 xx 000 0 eng d
020 _a9781315236285
037 _aEBOOK
040 _aCRL
040 _beng
040 _cCRL
041 _2eng
041 _aeng
084 _qCRL
100 _aChris Philo
_91180140
245 0 _aTheory and Methods
245 0 _bCritical Essays in Human Geography
260 _bTaylor and Francis
260 _c2008
365 _a
365 _b630
856 _uhttp://www.taylorfrancis.com/books/9781315236285
942 _cEBOOK
999 _c1775879
_d1775879